00616 2200217 4500001002100000005001500021035002000036008004100056245007400097250001000171260003300181300005000214020002200264084001400286082001000300650002800310863001600338700002200354990001100376990001100387INLIS00000000001184020220620110640 a0010-0622000350220620 b 0 ind  aKomik Sains Bocah Pintar :bLidah, Indra Pengecap /cSmartkids Studio acet.1 aYogyakarta :bRainbow,c2018 a33 hal. :bilus. ;c28 cm.-- Seri Panca Indra a978-979-29-6853-8 a741.5 KOM a741.5 4aCERITA BERGAMBAR. KOMIK aPanca Indra0 aSMARTKIDS, Studio a7727 a a7727 b